| 000 | 00420nam a2200169Ia 4500 | ||
|---|---|---|---|
| 008 | 230711s9999||||xx |||||||||||||| ||und|| | ||
| 041 | _aENG | ||
| 082 |
_a658 _bMA-M |
||
| 100 | _aMamoria,C.B | ||
| 245 | 0 | _aPersonal management : text cases | |
| 250 | _a27th Ed. | ||
| 260 |
_c2007 _aNew Delhi _bHimalaya Publishing House |
||
| 300 | _a932 | ||
| 650 | _aUNIVESITY BUSNIESS SCHOOL | ||
| 700 | _aGankar,SV | ||
| 942 | _cBK | ||
| 999 |
_c4516 _d4516 |
||